Districts of Mandatory Palestine on a Map - Statistics

General Stats
  • This quiz has been taken 111 times
  • The average score is 3 of 6
Answers on the Map
Answers color-coded by a green-red scale on the quiz's map according to % correct below.
 
Answer Stats
District % Correct
Jerusalem
100%
Haifa
84%
Gaza
83%
Galilee
36%
Samaria
21%
Lydda
8%
No matching quizzes found
Score Distribution
Percent of People with Each Score
Percentile by Number Answered
Your Score History
You have not taken this quiz